| 000 | 00673nam a2200253Ia 4500 | ||
|---|---|---|---|
| 001 | 4598 | ||
| 005 | 20240113233747.0 | ||
| 007 | ta | ||
| 008 | 181101s1980 ii a g b000 u 465 u | ||
| 020 | _cHB | ||
| 040 | _aCotton College,Assam | ||
| 041 | _a465 | ||
| 082 |
_a954.1 _bB 268 As |
||
| 100 | _aBarpujari, H.K. . | ||
| 245 | 0 |
_aAssam In The Days Of The Company 1826-1858 / _cH.K. Barpujari. _hTextual Documents |
|
| 250 | _a2nd ed. / | ||
| 260 |
_aGuwahati : _bSpectrum Publications , _c1980. |
||
| 300 |
_axiii, 342p. : _bill. ; _c21cm . |
||
| 504 | _aIndex | ||
| 653 | _aHistory- Assam | ||
| 942 |
_2ddc _cBK |
||
| 999 |
_c4585 _d4585 |
||